00310pam a2200121 a 4500020000500000041000500005082000800010100001500018245006900033260005500102300001100157700002000168 c h bNAI aNair, T.K. aTraining Social Workers For Rural DevelopmenthTextual Documents aMumbaibAssociation School Of Social Work In India a201/PB aAnbavasan, R.S.